| 000 | 00393nam a2200169 a 4500 | ||
|---|---|---|---|
| 005 | 20260322212029.0 | ||
| 008 | data | ||
| 020 | _a0595319548 | ||
| 020 | _a9780595319541 | ||
| 099 | _aBECKEB | ||
| 100 | 1 | _aBecker, Brandon | |
| 245 | 1 | 0 |
_aLife as a dream/ _cBrandon Becker. |
| 260 |
_aLincoln, NE : _bIuniverse inc. , _c2004. |
||
| 300 |
_a192 p. ; _bcm. |
||
| 650 | 0 | _aScience fiction | |
| 001 | data | ||
| 999 |
_c679 _d679 |
||